[Event "Arapiraca Lopez Memorial 1st"]
[Site "Arapiraca"]
[Date "2016.??.??"]
[Round "4"]
[White "Da Silva, Jose Douglas"]
[Black "Da Silva, Leonel Dehon Pereir"]
[Result "0-1"]
[WhiteElo "1800"]
[BlackElo "1787"]
[PlyCount "54"]
[EventDate "2016.07.16"]
[EventType "swiss"]
[EventRounds "6"]
[EventCountry "BRA"]
[SourceTitle "EXT 2017"]
[Source "ChessBase"]
[SourceDate "2016.10.25"]
[SourceVersion "1"]
[SourceVersionDate "2016.10.25"]
[SourceQuality "1"]

1. e4 c5 2. Nh3 d6 3. Bc4 Bxh3 4. gxh3 Nf6 5. Qf3 Nc6 6. Nc3 Nd4 7. Qd3 e6 8. Nb5 Nc6 9. b3 a6 10. Na3 Nxe4 11. Qxe4 d5 12. Bxd5 Qxd5 13. Qxd5 exd5 14. Bb2 b5 15. h4 b4 16. Nb1 0-0-0 17. 0-0 Be7 18. h5 d4 19. c3 Rd5 20. cxb4 Nxb4 21. Na3 Nd3 22. Rab1 Rg5+ 23. Kh1 Bd6 24. Nc4 Bc7 25. h6 gxh6 26. b4 Rhg8 27. Rg1 Nxf2# 0-1